000 00465nam a22001697a 4500
005 20251015100542.0
008 251015b |||||||| |||| 00| 0 eng d
020 _a978-0-226-02637-4
040 _aNational Science Library
_cNational Science Library
080 _aD 001.818
_bQ3
100 _aGreene, Anne E.
245 _aWriting science in plain english
260 _aChicago:
_bLondon,
_c2013
300 _axii, 124p.
650 _aScience
942 _2udc
_cBK
999 _c67846
_d67846